000 00710nam a2200289Ia 4500
005 20260324115125.0
008 008 260324s9999 xx 000 0 eng d
020 _a9780429441363
037 _aEBOOK
040 _aCRL
040 _beng
040 _cCRL
041 _2eng
041 _aeng
084 _qCRL
100 _aJason Sachowski
_91153454
245 0 _aImplementing Digital Forensic Readiness
245 0 _bFrom Reactive to Proactive Process, Second Edition
260 _bTaylor and Francis
260 _c2019
365 _a
365 _b230
856 _uhttp://www.taylorfrancis.com/books/9780429441363
942 _cEBOOK
999 _c1744100
_d1744100